| 000 | 01079nam a2200313 i 4500 | ||
|---|---|---|---|
| 001 | 000006389 | ||
| 003 | DO-SdBNP | ||
| 005 | 20250821092409.0 | ||
| 007 | ta | ||
| 008 | 090828s1998 dr 000 0 spa d | ||
| 040 |
_aDO-SdBNP _bspa _cBNPHU _erda |
||
| 041 | _aspa | ||
| 082 | 4 |
_a340.1 _bP645a _222 |
|
| 100 | 1 |
_aPina Acevedo M., Ramón, _eautor _4aut. _917766 |
|
| 245 | 1 | 0 |
_aApuntes jurídicos / _cRamón Pina Acevedo M. ; revisión, corrección y supervisión, Rafael Antonio Valdéz Medina. |
| 250 | _aPrimera edición | ||
| 264 | 1 |
_aSanto Domingo : _bITESA, _c1998. |
|
| 300 |
_a476 páginas ; _c22 cm. |
||
| 336 |
_atexto _btxt _2rdacontent |
||
| 337 |
_asin mediación _bn _2rdamedia |
||
| 338 |
_avolumen _bnc _2rdacarrier |
||
| 504 | _aBibliografías : páginas 446 | ||
| 590 | _aInventariado, 2020 /LP | ||
| 650 | 4 |
_aDerecho penal _zRepública Dominicana _916470 |
|
| 700 | 1 |
_aValdéz Medina, Rafael Antonio, _ecorrector, _4corr. _917767 |
|
| 710 | 2 |
_aInstituto Técnico Salesiano (ITESA) _917768 |
|
| 910 | _aValidado. Control de calidad/MAA | ||
| 942 |
_2ddc _cLBS1 |
||
| 999 |
_c6184 _d6184 |
||